Pax Romana : war, Peace, and conquest in the Roman world /

محفوظ في:

المؤلف الرئيسي: Goldsworthy, Adrian Keith (مؤلف)

التنسيق: كتاب

اللغة: English

منشور في: New Haven : Yale University Press, 2016.

الموضوعات:

الوسوم: إضافة وسم

لا توجد وسوم, كن أول من يضع وسما على هذه التسجيلة!

رقم الطلب: DG276.5 .G65 2016

LEADER 01204namaa2200217 4500
003 OSt
005 20260120081539.0
008 130303s2016 ctuabf b 001 0 eng d
020 |a 9780300178821 
040 |c ARCE Library 
050 4 |a DG276.5 .G65 2016 
100 1 |a Goldsworthy, Adrian Keith,  |e author  |9 30894 
245 1 0 |a Pax Romana :  |b war, Peace, and conquest in the Roman world /  |c Adrian Goldsworthy. 
264 1 |a New Haven :   |b Yale University Press,  |c 2016. 
300 |a ix, 513 pages, 16 unnumbered pages of plates :  |b illustrations, maps ;  |c 25 cm. 
504 |a Includes bibliographical references (pages 433-451) and index. 
505 0 |a Introduction. A glory greater than war / The Pax Romana -- Part one. Republic. The rise of Rome -- War -- Friends and rivals -- Traders and settlers -- 'How much did you make?'- Government -- Provincials and Kings -- Part two. Principate. Emperors -- Rebellion -- Resistance, rioting and robbery -- Imperial governors -- Life under Roman rule -- The army and the frontiers -- Garrisons and raids -- Beyond the Pax Romana -- Conclusion. Peace and war. 
651 0 |a Rome  |x History  |y Empire, 30 B.C.-284 A.D. 
901 |a reviewed 
942 |c BK  |2 lcc 
999 |c 1552  |d 1552